| 000 | 00488nam a2200145Ia 4500 | ||
|---|---|---|---|
| 008 | 140724s9999 xx 000 0 und d | ||
| 050 |
_aT 58.6 _b.T187 2014 |
||
| 100 | _aTarin, Jeremiah Shaine R. | ||
| 245 |
_aInventory management system for Aqua Soft BFRV / _cJeremiah Shaine R. Tarin. |
||
| 260 |
_aLas PiƱas, Philippines : _bSouthville International School and Colleges, _cc2014. |
||
| 300 |
_a86 p. : _c28 cm. |
||
| 521 | _aInformation Technology | ||
| 942 | _cTH | ||
| 999 |
_c229323 _d229323 |
||